000 00423nam a2200145Ia 4500
008 210716s2004 xx 000 0 und d
020 _a9781591393485
041 _aeng
082 _a658.4052 WINN
245 _aWinning negotiations: that preserve relationships.
_bThat preserve relationships.
250 _a1
260 _aBoston
_bHarvard Business School Press
_c2004
300 _aix,161
650 _aNegotiation Skills
999 _c206494
_d206494